Learning Resource and Development

Nursing Law, Jurisprudence, and Professional Ethics / (Record no. 610)

MARC details
000 -LEADER
fixed length control field 00880nam a22002537a 4500
005 - DATE AND TIME OF LATEST TRANSACTION
control field 20230512123200.0
008 - FIXED-LENGTH DATA ELEMENTS--GENERAL INFORMATION
fixed length control field 180116t xxu||||| |||| 00| 0 eng d
020 ## - INTERNATIONAL STANDARD BOOK NUMBER
International Standard Book Number 9789715845915
040 ## - CATALOGING SOURCE
Transcribing agency CSPC
082 0# - DEWEY DECIMAL CLASSIFICATION NUMBER
Classification number 344.5990414
Item number D350n
100 ## - MAIN ENTRY--PERSONAL NAME
Personal name De Belen, Rustico T.
Relator term author.
245 00 - TITLE STATEMENT
Title Nursing Law, Jurisprudence, and Professional Ethics /
Statement of responsibility, etc. Rustico T. De Belen,
250 ## - EDITION STATEMENT
Edition statement 1st
Remainder of edition statement Edition
260 ## - PUBLICATION, DISTRIBUTION, ETC.
Place of publication, distribution, etc. Quezon City :
Name of publisher, distributor, etc. C & E Publishing,
Date of publication, distribution, etc. 2007.
300 ## - PHYSICAL DESCRIPTION
Extent vi, 593 pages :
Other physical details tables ;
Dimensions 22 cm.
500 ## - GENERAL NOTE
General note Includes Index,
504 ## - BIBLIOGRAPHY, ETC. NOTE
Bibliography, etc. note Includes Bibliography pages (573 to 579).
650 10 - SUBJECT ADDED ENTRY--TOPICAL TERM
Topical term or geographic name entry element Nursing
Form subdivision Law & legislation
Geographic subdivision Philippines.
700 1# - ADDED ENTRY--PERSONAL NAME
Personal name De Belen, Donna Vivian V.,
Relator term author.
940 ## - EQUIVALENCE OR CROSS-REFERENCE--UNIFORM TITLE [OBSOLETE] [CAN/MARC only]
Uniform title <a href="Lenie">Lenie</a>
942 ## - ADDED ENTRY ELEMENTS (KOHA)
Koha item type
-- FIL 344.5990414 D350n 2007
Holdings
Withdrawn status Lost status Damaged status Not for loan Home library Current library Shelving location Date acquired Total Checkouts Full call number Barcode Date last seen Copy number Price effective from Koha item type Date last checked out Total Renewals
        Main Library Main Library Filipiniana Section 05/12/2023   FIL 344.5990414 D350n 2007 009816 05/12/2023 1-5 05/12/2023 Books    
        Main Library Main Library Filipiniana Section 05/12/2023 1 FIL 344.5990414 D350n 2007 009817 03/12/2026 2-5 05/12/2023 Books 02/13/2026  
        Main Library Main Library Filipiniana Section 05/12/2023   FIL 344.5990414 D350n 2007 009818 05/12/2023 3-5 05/12/2023 Books    
        Main Library Main Library Filipiniana Section 05/12/2023 2 FIL 344.5990414 D350n 2007 009819 10/20/2025 4-5 05/12/2023 Books 10/02/2025 1
        Main Library Main Library Filipiniana Section 05/12/2023   FIL 344.5990414 D350n 2007 009820 05/12/2023 5-5 05/12/2023 Books